000 00598nam a22001817a 4500
999 _c184129
_d184129
005 20220113121440.0
010 _aENG-131097
020 _a978-93-90727-73-5
_c235.00
035 _aEN-114629
037 _bDBAD
082 _a352.3790954
100 _aKumar, Ashok
245 _aChallenges To Internal Security of India;
_cAshok Kumarm, Vipul Anekant
260 _aChennai
_bMcGraw Hill Education Private Limited
_c2022
270 _bChennai
_aAnjana Complex No. 5/90 A, Butt Road, St Thomas Mount
_e600016
300 _a246p.
_c24cm(pbk)
942 _2ddc
_cEN
_h352.3790954
_mASH